000 00931nam a22002297a 4500
005 2012083002362.0
008 120830t xxu||||| |||| 00| 0 eng d
010 _aENG-105715
020 _a9789380388496
_c1095.00
035 _aEN-89248
037 _bDBAD/PUB
040 _aDPL
_bEng
082 _a378.0082
245 _aWomen education and empowerment :
_cedited by Rahul Mishra
_ba sociological perspective /
260 _aNew Delhi
_bD.P.S. Publishing House
_c2012
270 _a4598/12-B, First Floor, Gola Cottage, Ansari Road
_bNew Delhi
_e110002
_mdpspublishinghouse@gmail.com
300 _aviii,264p.
_c23cm(Hb)
500 _aIncludes bibliographical references and index
700 _aMishra, Rahul
_951815
942 _2ddc
_cEN
_mWOM
_h378.0082
999 _c69553
_d69553